000 00485nam a2200229Ia 4500
003 IT-RoPAU
008 120407s9999 xx 000 0 und d
040 _aIT-RoPAU
040 _cIT-RoPAU
041 _aita
100 _aElio Vittorini
245 _aIl Sempione strizza l’occhio al Frejus.
250 _aMilano
260 _aEinaudi
260 _c1980
300 _a88 p.
300 _c19,5 cm
490 _aStruzzi
490 _v12226
942 _cBK
999 _c37110
_d37110